Eastern Utah Libraries Catalog: Duchesne, Heber, Roosevelt, & Vernal

The princess and the dragon / (Record no. 375041)

MARC details
000 -LEADER
fixed length control field 01622cam a2200433 i 4500
001 - CONTROL NUMBER
control field on1303392087
003 - CONTROL NUMBER IDENTIFIER
control field OCoLC
005 - DATE AND TIME OF LATEST TRANSACTION
control field 20220630134153.0
008 - FIXED-LENGTH DATA ELEMENTS--GENERAL INFORMATION
fixed length control field 220314s2021 utua c 000 1 eng d
040 ## - CATALOGING SOURCE
Original cataloging agency AZT
Language of cataloging eng
Description conventions rda
Transcribing agency AZT
Modifying agency OCLCO
-- OCLCF
-- WACOL
020 ## - INTERNATIONAL STANDARD BOOK NUMBER
International Standard Book Number 9781949078466
020 ## - INTERNATIONAL STANDARD BOOK NUMBER
International Standard Book Number 1949078469
035 ## - SYSTEM CONTROL NUMBER
System control number (OCoLC)1303392087
043 ## - GEOGRAPHIC AREA CODE
Geographic area code n-us-az
092 ## - LOCALLY ASSIGNED DEWEY CALL NUMBER (OCLC)
Classification number junior fiction
Item number Luzzader
049 ## - LOCAL HOLDINGS (OCLC)
Holding library WACL
100 1# - MAIN ENTRY--PERSONAL NAME
Personal name Luzzader, Amanda,
Dates associated with a name 1982-
Relator term author.
9 (RLIN) 6450004
245 14 - TITLE STATEMENT
Title The princess and the dragon /
Statement of responsibility, etc A. M. Luzzader and Illustrated by Anna M. Clark
264 #1 - Production, Publication, Distribution, Manufacture, and Copyright Notice.
Place of production, publication, distribution, manufacture Logan, UT :
Name of producer, publisher, distributor, manufacturer Knowledge Forest Press,
Date of production, publication, distribution, manufacture, or copyr [2021]
300 ## - PHYSICAL DESCRIPTION
Extent 65 pages
Other physical details illustrated ;
Dimensions 20 cm.
336 ## - Content Type
Content type term text
337 ## - Media type
Media type term unmediated
338 ## - Carrier type
Carrier type term volume
490 0# - SERIES STATEMENT
Series statement A Fairy Tale chapter book series for kids
521 ## - TARGET AUDIENCE NOTE
Target audience note junior fiction
Source amazon
650 #0 - SUBJECT ADDED ENTRY--TOPICAL TERM
Topical term or geographic name as entry element Princesses
Form subdivision Juvenile fiction.
650 #0 - SUBJECT ADDED ENTRY--TOPICAL TERM
Topical term or geographic name as entry element Dragons
Form subdivision Juvenile fiction.
9 (RLIN) 5673921
650 #0 - SUBJECT ADDED ENTRY--TOPICAL TERM
Topical term or geographic name as entry element Sisters
Form subdivision Juvenile fiction.
9 (RLIN) 5674652
650 #6 - SUBJECT ADDED ENTRY--TOPICAL TERM
Topical term or geographic name as entry element Princesses
Form subdivision Romans, nouvelles, etc. pour la jeunesse.
9 (RLIN) 6450964
650 #6 - SUBJECT ADDED ENTRY--TOPICAL TERM
Topical term or geographic name as entry element Dragons
Form subdivision Romans, nouvelles, etc. pour la jeunesse.
9 (RLIN) 6450965
650 #6 - SUBJECT ADDED ENTRY--TOPICAL TERM
Topical term or geographic name as entry element S�urs
Form subdivision Romans, nouvelles, etc. pour la jeunesse.
9 (RLIN) 6450966
650 #7 - SUBJECT ADDED ENTRY--TOPICAL TERM
Topical term or geographic name as entry element Dragons.
Source of heading or term fast
-- (OCoLC)fst00897397
650 #7 - SUBJECT ADDED ENTRY--TOPICAL TERM
Topical term or geographic name as entry element Princesses.
Source of heading or term fast
-- (OCoLC)fst01076505
650 #7 - SUBJECT ADDED ENTRY--TOPICAL TERM
Topical term or geographic name as entry element Sisters.
Source of heading or term fast
-- (OCoLC)fst01119758
655 #7 - INDEX TERM--GENRE/FORM
Genre/form data or focus term Fiction.
Source of term fast
-- (OCoLC)fst01423787
9 (RLIN) 5673940
655 #7 - INDEX TERM--GENRE/FORM
Genre/form data or focus term Juvenile works.
Source of term fast
-- (OCoLC)fst01411637
9 (RLIN) 5673941
700 1# - ADDED ENTRY--PERSONAL NAME
Personal name Clark, Anna M.
9 (RLIN) 6450967
994 ## -
-- C0
-- WACOL
Holdings
Withdrawn status Lost status Source of classification or shelving scheme Damaged status Not for loan Collection code Home library Current library Shelving location Date acquired Source of acquisition Serial Enumeration / chronology Total Checkouts Total Renewals Full call number Barcode Checked out Date last seen Date checked out Cost, replacement price Price effective from Koha item type
  Long Overdue (Lost) Dewey Decimal Classification     Junior Fiction Wasatch County Library Wasatch County Library Main Floor Junior Area 06/30/2022 Amazon #1 Fairy Tale Series for Kids 2 2 J Luzzader 34301001846445 12/16/2022 10/20/2022 10/20/2022 7.99 06/30/2022 BOOK
This project was made possible through a grant from the Institute of Museum and Library Service administered by the Utah State Library Division.

Wasatch County Library

  • 465 East 1200 South, Heber City, Utah 84032
  • Phone 435-654-1511 | Fax 435-654-6456

Hours

  • Monday - Friday 9:30 AM - 8:00 PM
  • Saturday 9:30 AM - 1:30 PM
  • Closed Sundays and Holidays